ELECTRONIC COMPLETE PRACTICAL TRAINING (Record no. 580596)

000 -LEADER
fixed length control field 00261nam a22001097a 4500
082 ## - DEWEY DECIMAL CLASSIFICATION NUMBER
Classification number 621.381 ELE'M
100 ## - MAIN ENTRY--PERSONAL NAME
Personal name MAQBOOL, H. KHAN
9 (RLIN) 75114
245 ## - TITLE STATEMENT
Title ELECTRONIC COMPLETE PRACTICAL TRAINING
260 ## - PUBLICATION, DISTRIBUTION, ETC.
Place of publication, distribution, etc. KARACHI
Name of publisher, distributor, etc. KHAWAJA
Date of publication, distribution, etc. 1990
300 ## - PHYSICAL DESCRIPTION
Extent 112P
942 ## - ADDED ENTRY ELEMENTS (KOHA)
Koha item type Book
Holdings
Withdrawn status Lost status Damaged status Not for loan Permanent Location Current Location Shelving location Date acquired Total Checkouts Full call number Barcode Date last seen Price effective from Koha item type
        College of Electrical & Mechanical Engineering (CEME) College of Electrical & Mechanical Engineering (CEME) General Stacks 05/15/2017   621.381 ELE'M CEME-14741 06/28/2021 06/28/2021 Book
© 2023 Central Library, National University of Sciences and Technology. All Rights Reserved.